书目信息 |
| 题名: |
新手月季栽培完全手册
|
|
| 作者: | 村上敏 主编 ;周百黎 , 陆蓓雯 译 | |
| 分册: | ||
| 出版信息: | 北京 化学工业出版社 2021.4 |
|
| 页数: | 10,196页 | |
| 开本: | 24cm | |
| 丛书名: | ||
| 单 册: | ||
| 中图分类: | S685.12 | |
| 科图分类: | ||
| 主题词: | 月季--观赏园艺--手册 | |
| 电子资源: | ||
| ISBN: | 978-7-122-38438-6 | |
| 000 | 00997nam0 2200265 45 | |
| 001 | 012001001767 | |
| 005 | 20140912112942.0 | |
| 010 | @a978-7-122-38438-6@dCNY78.00 | |
| 100 | @a20210426d2021 em y0chiy50 ea | |
| 101 | 1 | @achi@cjpn |
| 102 | @aCN@b110000 | |
| 105 | @aa z 001yy | |
| 106 | @ar | |
| 200 | 1 | @a新手月季栽培完全手册@Axin shou yue ji zai pei wan quan shou ce@b专著@e品种选择·栽培养护·病虫害防治·庭院搭配@f(日)村上敏主编@g周百黎,陆蓓雯译 |
| 210 | @a北京@c化学工业出版社@d2021.4 | |
| 215 | @a10,196页@c彩图@d24cm | |
| 305 | @a由SEIBIDO SHUPPAN CO., LTD授权出版 | |
| 330 | @a本书共5章,主要内容包括:打造月季庭院、月季的种类与选择方法、月季品种图鉴、月季12个月管理要点、与月季搭配的宿根草本植物和一年生草本植物。 | |
| 606 | 0 | @a月季@x观赏园艺@j手册 |
| 690 | @aS685.12@v5 | |
| 701 | 0 | @c(日)@a村上敏@Acun shang min@4主编 |
| 702 | 0 | @a周百黎@Azhou bai li@4译 |
| 702 | 0 | @a陆蓓雯@Alu bei wen@4译 |
| 801 | 0 | @aCN@bBJSDL@c20211011 |
| 905 | @b1337136-9@dS685.12@e673@f4 | |
| 新手月季栽培完全手册:品种选择·栽培养护·病虫害防治·庭院搭配/(日)村上敏主编/周百黎,陆蓓雯译.-北京:化学工业出版社,2021.4 |
| 10,196页:彩图;24cm |
| ISBN 978-7-122-38438-6:CNY78.00 |
| 本书共5章,主要内容包括:打造月季庭院、月季的种类与选择方法、月季品种图鉴、月季12个月管理要点、与月季搭配的宿根草本植物和一年生草本植物。 |
| ● |
| 相关链接 |
|
|
|
|
正题名:新手月季栽培完全手册
索取号:S685.12/673
 
预约/预借
| 序号 | 登录号 | 条形码 | 馆藏地/架位号 | 状态 | 备注 |
| 1 | 1337136 | 213371368 | 第二样本阅览室/ [索取号:S685.12/673] | 在馆 | |
| 2 | 1337137 | 213371377 | 第三借阅区/ [索取号:S685.12/673] | 在馆 | |
| 3 | 1337138 | 213371386 | 第三借阅区/ [索取号:S685.12/673] | 在馆 | |
| 4 | 1337139 | 213371395 | 第三借阅区/ [索取号:S685.12/673] | 在馆 |